Non-conventional energy resources / (Record no. 758715)

MARC details
000 -LEADER
fixed length control field 00414nam a2200145Ia 4500
020 ## - INTERNATIONAL STANDARD BOOK NUMBER
ISBN 9789360746438
082 ## - DEWEY DECIMAL CLASSIFICATION NUMBER
Edition number 9789360746438
Classification number 621.042
Item number CHA.N
100 ## - MAIN ENTRY--AUTHOR NAME
Personal name Chauhan, D S
245 ## - TITLE STATEMENT
Title Non-conventional energy resources /
Statement of responsibility, etc Chauhan, D S
260 ## - PUBLICATION, DISTRIBUTION, ETC. (IMPRINT)
Place of publication New Delhi :
Name of publisher New Age International ,
Year of publication 2026.
300 ## - PHYSICAL DESCRIPTION
Number of Pages ix+225p
700 ## - ADDED ENTRY--PERSONAL NAME
Personal name Srivastava, S K
942 ## - ADDED ENTRY ELEMENTS (KOHA)
Koha item type General
Source of classification or shelving scheme Dewey Decimal Classification
Holdings
Withdrawn status Lost status Source of classification or shelving scheme Damaged status Not for loan Home Library Current Location Date acquired Cost, normal purchase price Full call number Accession Number Price effective from Koha item type
    Dewey Decimal Classification     Campus Library Kariavattom Campus Library Kariavattom 18/04/2026 395.00 621.042 CHA.N UCL35768 18/04/2026 General